Managing human resources : (Record no. 346809)
[ view plain ]
| 000 -LEADER | |
|---|---|
| fixed length control field | 00569 a2200169 4500 |
| 020 ## - INTERNATIONAL STANDARD BOOK NUMBER | |
| International Standard Book Number | 0071125671 (paperback) |
| 020 ## - INTERNATIONAL STANDARD BOOK NUMBER | |
| International Standard Book Number | 9780071125673 (paperback) |
| 090 ## - LOCALLY ASSIGNED LC-TYPE CALL NUMBER (OCLC); LOCAL CALL NUMBER (RLIN) | |
| -- | 4364 |
| -- | 4364 |
| 100 1# - MAIN ENTRY--PERSONAL NAME | |
| Personal name | Cascio, W. |
| 245 10 - TITLE STATEMENT | |
| Title | Managing human resources : |
| Remainder of title | productivity, quality of work life, profits / |
| Statement of responsibility, etc. | W. Cascio. |
| 250 ## - EDITION STATEMENT | |
| Edition statement | 3Rev Ed ed. |
| 260 ## - PUBLICATION, DISTRIBUTION, ETC. | |
| Place of publication, distribution, etc. | [S.l.] : |
| Name of publisher, distributor, etc. | McGraw-Hill Education (ISE Editions), |
| Date of publication, distribution, etc. | 1992. |
| 300 ## - PHYSICAL DESCRIPTION | |
| Extent | 704 p. |
| 500 ## - GENERAL NOTE | |
| General note | Import. |
| 856 40 - ELECTRONIC LOCATION AND ACCESS | |
| Materials specified | Amazon.com |
| Uniform Resource Identifier | <a href="http://www.amazon.com/exec/obidos/ASIN/0071125671/chopaconline-20">http://www.amazon.com/exec/obidos/ASIN/0071125671/chopaconline-20</a> |
| 942 ## - ADDED ENTRY ELEMENTS (KOHA) | |
| Institution code [OBSOLETE] | NBS |
| Koha item type | Book |
| Call number prefix | 658.3 CAS |
| Withdrawn status | Lost status | Damaged status | Not for loan | Permanent Location | Current Location | Date acquired | Total Checkouts | Full call number | Barcode | Date last seen | Price effective from | Koha item type |
|---|---|---|---|---|---|---|---|---|---|---|---|---|
| Central Library (CL) | Central Library (CL) | 08/28/2013 | 658.3 CAS | NBS363 | 04/05/2023 | 08/28/2013 | Book |
